00282nam a22001217a 4500020001800000041000800018082001900026100003900045245002900084260002800113300000900141650001000150 a9780564033478 aENG a220.52043bBIB aBritish and Foreign Bible Society. aThe Holy Bible : N R S V aU S AbZondervan,c1989 a1009 aBible